LEADER 01261nam a2200289 a 4500 001 000000124805 003 CaOOAMICUS 005 20110325093857.0 008 110325s1962 it fc u000 u ita r 040 $aPUL$bita 082 04$a858 100 1 $aPapini, Giovanni,$d1881-1956.$0(OLS)http://pul/name/5962 245 10$aAutoritratti e ritratti /$cdi Giovanni Papini. 260 $aMilano :$bArnoldo Mondadori,$c1962. 300 $aXV, 1041 p. :$britr. ;$c20 cm +$e[1] p. di tav. 490 1 $aTutte le opere di Giovanni Papini ;$v9 490 1 $aClassici contemporanei italiani 504 $aBibliografia in nota. 800 1 $aPapini, Giovanni,$d1881-1956.$tOpera omnia ;$v9.$0(OLS)http://pul/nameTitle/1398$0(OLS)http://pul/name/5962$0(OLS)http://pul/title/2415 830 0$aClassici contemporanei italiani.$0(OLS)http://pul/title/27147 850 $aPUL 852 $aPUL$W1$xDP2 Cons. Gen., Altre Classi 3$y97$m858 PAPGI 1.9$j143717$qDDC 21$B142729$CPULBib$Z2$F142729 $H115871 $81 941 1 $a9 996 $6082$a858$9(OLS)http://pul/classification/1926 996 $6245$aAutoritratti e ritratti$9(OLS)http://pul/title/157354 996 $6260$aMilano :$bArnoldo Mondadori$9(OLS)http://pul/publisher/60431 LEADER 01189nam a2200229 i 4500 001 000000122192 003 CaOOAMICUS 005 20100609131915.0 008 100609s2002 xx m u000 u fre c 040 $aUPS$bita$dPUL$dLDA 100 1 $aSéide, Martha,$cF.M.A.$0(OLS)http://pul/name/76633 245 10$aPour une éducation chrétienne significative :$bsciences de l'éducation et théologie de l'éducation en dialogue interdisciplinaire vers des résultats transdisciplinaires /$cMartha Séide. 260 $aRoma :$b[s.n.],$c2002. 300 $a115 p.$c24 cm 500 $aIn testa al front.: Università Pontificia Salesiana. Facoltà di Scienze dell'Educazione. 502 $aEstratto della tesi di Dottorato. 504 $aBibliografia: p. 84-111. 850 $aPUL 852 $aPUL$W1$xDP1 Tesi Pon. Univ. Salesiana$y46$m2002 E 5$j140244$qTesi$B139426$CPULBib$Z2$F139426 $82 941 1 $a16 996 $6245$aPour une éducation chrétienne significative :$bsciences de l'éducation et théologie de l'éducation en dialogue interdisciplinaire vers des résultats transdisciplinaires$9(OLS)http://pul/title/153762 996 $6260$aRoma :$b[s.n.]$9(OLS)http://pul/publisher/47958